000 004960000a22001810004500
003 MACL
005 20160305113255.0
008 160305b xxu||||| |||| 00| 0 eng d
040 _aMACL
_cMACL
041 _aHindi
082 _a891.431
100 _aशर्मा तरेन्‍द्र
_942890
245 _aहंसमाला
260 _bभारती भंडार
_aनई दिल्‍ली
350 _a2
650 _aPoetry
_942891
942 _cHIN
_k891.431
_2ddc
999 _c23609
_d23609